• 首页
  • 本馆介绍
  • 公告通知
  • 最新文献
  • 馆藏检索
  • 电子资源
  • 读者导购
  • 参考咨询
  • 我的图书馆
  • 登录
  • 详细信息显示
  • 放入我的书架
  • 预约/预借图书
  • 作者相关作品
  • 分类相关作品
  • 丛书相关作品
  • 出版社相关作品

书目信息

  • 表格格式
  • 工作单格式
  • 卡片格式
题名:
放大电路设计
    
 
作者: 喜安善市 , 伏见和郎 主编 ;白玉林 译
分册:  
出版信息: 北京   科学出版社  2000.09
页数: 334页
开本: 20cm
丛书名: OHM电子电气入门丛书
单 册:
中图分类: TN722-64
科图分类:
主题词: 放大技术 , 放大器
电子资源:
ISBN: 7-03-008616-3
000 00833nam0 2200265 450
001 0431063018
005 20040330083742.94
010    @a7-03-008616-3@dCNY20.00
100    @a20040330d2000 km y0chiy0120 ea
101 0  @achi
102    @aCN@b110000
200 1  @a放大电路设计@Afang da dian lu she ji@f(日)喜安善市,伏见和郎主编@F(ri)xi an shan shi,fu jian he lang zhu bian@g白玉林译@Gbai yu lin yi
210    @a北京@c科学出版社@d2000.09
215    @a334页@d20cm
225 2  @aOHM电子电气入门丛书
300    @a图解电子电路讲座 6
410  0 @12001 @aOHM电子电气入门丛书
606 0  @a放大技术
606 0  @a放大器
690    @aTN722-64@v4
701  0 @a喜安善市@Axi an shan shi@4主编
701  0 @a伏见和郎@Afu jian he lang@4主编
702  0 @a白玉林@Abai yu lin@4译
801  0 @aCN@bPFT@c20040330
905    @aBZT@dTN722-64@e1@f5
    
    放大电路设计/(日)喜安善市,伏见和郎主编/白玉林译.-北京:科学出版社,2000.09
    334页;20cm.-(OHM电子电气入门丛书)
    图解电子电路讲座 6
    
    ISBN 7-03-008616-3:CNY20.00
    
●
相关链接 在五车中查询图书 在当当中查询图书 在豆瓣中查询图书


正题名:放大电路设计     索取号:TN722-64/1         预约/预借

序号 登录号 条形码 馆藏地/架位号 状态 备注
1 0361148   230076260   中心书库中库/ 中库029架A面9列2层39/ [索取号:TN722-64/1] 在馆    
2 0361149   230076267   中心书库中库/ 中库029架A面9列2层41/ [索取号:TN722-64/1] 在馆    
3 0361150   230076261   中心书库中库/ 中库029架A面9列2层38/ [索取号:TN722-64/1] 在馆    
4 0361151   230076263   中心书库中库/ 中库029架A面9列2层40/ [索取号:TN722-64/1] 在馆    
5 200106147   2001061447   样本书库/样008架B面2层3列/ [索取号:TN722-64/1] 在馆    
山东省滨州职业学院图书馆 欢迎您!
大连网信软件有限公司© 版权所有